| 000 | 00794nam a22002775i 4500 | ||
|---|---|---|---|
| 001 | 11543 | ||
| 003 | ES-MaACL | ||
| 005 | 20250804052217.0 | ||
| 007 | t| | ||
| 008 | 950919s1994 sp ||||0| spa d | ||
| 020 | _a84-7245-320-0 | ||
| 040 |
_aM-BN _bspa _cM-BN |
||
| 080 | _a128 | ||
| 100 | 1 |
_aKrishnamurti, J. _968859 |
|
| 245 | 1 | 0 |
_aSobre la vida y la muerte / _cJiddu Krishnamurti ; [traducción, Armando Clavier]. |
| 250 | _a1ª ed. | ||
| 260 |
_aBarcelona : _bKairós, _c1994. |
||
| 300 |
_a176 p ; _c20 cm. |
||
| 500 | _aTraducción de: On Living and dying. | ||
| 504 | _aBibliografía: p. 171-173. | ||
| 650 | 7 |
_aMuerte _2embne _915241 |
|
| 700 | 1 |
_aClavier, Armando. _939139 |
|
| 852 |
_aES-MaACL _jL-18868 _bR.124764 |
||
| 999 |
_c11543 _d11543 |
||